[Event "Online Olym Top DivA 2020"]
[Site "chess.com INT"]
[Date "2020.08.22"]
[Round "4.1"]
[Board "3"]
[White "Vo, Thi Kim Phung"]
[Black "Kurbonboeva, Sarvinoz"]
[Result "1/2-1/2"]
[WhiteTitle "WGM"]
[BlackTitle "WGM"]
[WhiteElo "2344"]
[BlackElo "2234"]
[WhiteTeam "Vietnam"]
[BlackTeam "Uzbekistan"]
[WhiteFideId "12401838"]
[BlackFideId "14201780"]
[EventDate "2020.08.21"]
[EventType "team"]

1. d4 Nf6 2. c4 g6 3. Nc3 Bg7 4. e4 d6 5. Be2 O-O 6. Nf3 e5 7. O-O Nc6 8. d5 Ne7
9. Ne1 Nd7 10. Be3 f5 11. f3 f4 12. Bf2 g5 13. Nd3 Nf6 14. c5 h5 15. Rc1 Bd7 16.
Qb3 Kh8 17. cxd6 cxd6 18. Qxb7 g4 19. Qa6 Bc8 20. Qa3 Bh6 21. Nb5 g3 22. hxg3
fxg3 23. Bxg3 Bxc1 24. Rxc1 Qb6+ 25. Nf2 Ba6 26. Nc3 Bxe2 27. Nxe2 Rf7 28. Kh1
Rg8 29. Nh3 Rfg7 30. Bh4 Ne8 31. Rg1 Qb5 32. Qe3 Ng6 33. Bf2 Qxb2 34. Bg3 Qb6
35. Qd2 Nf6 36. Bf2 Qb5 37. Ng3 Qd7 38. Nf5 Rh7 39. Be3 Ne7 40. Nxe7 Qxe7 41.
Bg5 Qf7 42. Bh4 Rhg7 43. Qh6+ Nh7 44. Qxd6 Qe8 45. Qh6 Qf7 46. Qe3 Nf6 47. Ng5
Qg6 48. Ne6 Rf7 49. Qg5 Qxg5 50. Nxg5 Rb7 51. Ne6 Nd7 52. Bf2 Rc8 53. Rf1 Rc2
54. Bg3 Rxa2 55. Rg1 a5 56. Nd8 Rb8 57. Nf7+ Kg8 58. Nxe5 Nxe5 59. Bxe5 Rb3 60.
Bg3 a4 61. d6 Rd2 62. Bf4 Rdd3 63. e5 Kf7 64. Rc1 Rb7 65. Ra1 a3 66. Kh2 Ra7 67.
Ra2 Ke6 68. Bg3 Rb3 69. f4 Rb2 70. f5+ Kxf5 71. d7 Rxd7 72. Rxa3 Rb6 73. Rf3+
Kg6 74. Kh3 Rb4 75. Rf6+ Kg7 76. Rf5 Kg6 77. Rf6+ Kg7 78. Bf4 Rdd4 79. g3 Re4
80. Rf5 Kg6 81. Rg5+ Kh6 82. Rg8+ Rxf4 83. gxf4 Rxf4 84. Kg3 Re4 85. Re8 Kg5 86.
Kf3 Re1 87. e6 Kf6 88. Rf8+ Ke7 89. Rh8 Rxe6 90. Rxh5 Rf6+ 91. Ke4 Re6+ 92. Kd5
Rd6+ 93. Kc5 Rg6 94. Kd5 Rd6+ 95. Ke5 Re6+ 96. Kf4 Rf6+ 97. Kg5 Rf1 98. Rh7+ Ke6
99. Rh2 Ke5 100. Re2+ Kd5 101. Re8 Kd4 102. Kg4 Kd5 103. Kg3 Kd6 104. Kg2 Rf7
105. Re3 Kd5 106. Ra3 Kd4 107. Rh3 1/2-1/2

[Event "Online Olym Top DivA 2020"]
[Site "chess.com INT"]
[Date "2020.08.22"]
[Round "4.1"]
[Board "4"]
[White "Baymuratova, Sevara"]
[Black "Nguyen, Thi Mai Hung"]
[Result "1/2-1/2"]
[WhiteTitle "WIM"]
[BlackTitle "WGM"]
[WhiteElo "2153"]
[BlackElo "2258"]
[WhiteTeam "Uzbekistan"]
[BlackTeam "Vietnam"]
[WhiteFideId "14202182"]
[BlackFideId "12401676"]
[EventDate "2020.08.21"]
[EventType "team"]

1. d4 d5 2. Nf3 Nf6 3. c4 c6 4. Nc3 e6 5. e3 Nbd7 6. Qc2 Bd6 7. Bd3 O-O 8. O-O
dxc4 9. Bxc4 b5 10. Bd3 Bb7 11. Rd1 Qe7 12. e4 e5 13. d5 a6 14. dxc6 Bxc6 15.
Bg5 h6 16. Bh4 Rac8 17. a3 Nc5 18. Qe2 Nxd3 19. Rxd3 Qe6 20. Rad1 Rfd8 21. Nxe5
Qxe5 22. Bg3 Qe8 23. Rxd6 Rxd6 24. Bxd6 Nxe4 25. Nxe4 Qxe4 26. Qxe4 Bxe4 27. f3
Bf5 28. Bb4 Be6 29. Rd6 Rc1+ 30. Kf2 Rc2+ 31. Rd2 Rc6 32. Rd6 Rc2+ 33. Rd2 Rxd2+
34. Bxd2 Kf8 35. Ke3 Ke7 36. Kd4 Kd6 37. Bb4+ Kc6 38. Bf8 g6 39. Bxh6 a5 40. Bd2
a4 41. Bb4 Bc4 42. g3 Kd7 43. Ke5 Be2 44. f4 Ke8 45. Kf6 Bg4 46. Kg5 Bh3 47. g4
Kd7 48. f5 gxf5 49. Kxf5 Ke8 50. Kf4 Kd7 51. Kg3 Bf1 52. h4 Ke6 53. Kf4 Kf6 54.
Bc3+ Kg6 55. h5+ Kh7 56. Kf5 Bd3+ 57. Kf6 Be2 58. Kg5 Bd1 59. Kh4 Be2 60. g5 Bd1
61. Bf6 Be2 1/2-1/2

[Event "Online Olym Top DivA 2020"]
[Site "chess.com INT"]
[Date "2020.08.22"]
[Round "4.1"]
[Board "5"]
[White "Nguyen, Anh Khoi"]
[Black "Sindarov, Javokhir"]
[Result "1/2-1/2"]
[WhiteTitle "GM"]
[BlackTitle "GM"]
[WhiteElo "2520"]
[BlackElo "2557"]
[WhiteTeam "Vietnam"]
[BlackTeam "Uzbekistan"]
[WhiteFideId "12404675"]
[BlackFideId "14205483"]
[EventDate "2020.08.21"]
[EventType "team"]

1. d4 Nf6 2. c4 c5 3. d5 b5 4. cxb5 a6 5. bxa6 g6 6. Nc3 Bxa6 7. e4 Bxf1 8. Kxf1
d6 9. Nf3 Bg7 10. g3 O-O 11. Kg2 Nbd7 12. a4 Qb6 13. Qc2 Rfb8 14. Nb5 Ne8 15.
Bd2 Nc7 16. Nxc7 Qxc7 17. Rab1 Qb7 18. b3 Qa6 19. h4 h5 20. Rhe1 Ne5 21. Nxe5
Bxe5 22. a5 Ra7 23. b4 cxb4 24. Rxb4 Rc8 25. Qb3 Qxa5 26. Rb8 Qc7 27. Rxc8+ Qxc8
28. Rc1 1/2-1/2

[Event "Online Olym Top DivA 2020"]
[Site "chess.com INT"]
[Date "2020.08.22"]
[Round "4.1"]
[Board "6"]
[White "Khamdamova, Afruza"]
[Black "Bach, Ngoc Thuy Duong"]
[Result "1-0"]
[WhiteTitle "WCM"]
[BlackTitle "WIM"]
[WhiteElo "1809"]
[BlackElo "2239"]
[WhiteTeam "Uzbekistan"]
[BlackTeam "Vietnam"]
[WhiteFideId "14210444"]
[BlackFideId "12408956"]
[EventDate "2020.08.21"]
[EventType "team"]

1. e4 c5 2. Nf3 d6 3. d4 cxd4 4. Nxd4 Nf6 5. Nc3 a6 6. Be2 e5 7. Nb3 Be7 8. O-O
O-O 9. f4 b5 10. Bf3 Nbd7 11. Qe1 Bb7 12. a3 Qc7 13. Be3 Rac8 14. Rd1 Nb6 15.
Na5 Nc4 16. Nxc4 Qxc4 17. fxe5 dxe5 18. Qg3 Bc5 19. Bxc5 Qxc5+ 20. Kh1 Rfd8 21.
Bg4 Rxd1 22. Rxd1 Re8 23. Bf5 b4 24. axb4 Qxb4 25. Nd5 Bxd5 26. exd5 Qxb2 27. d6
Rd8 28. d7 Kf8 29. c3 Qb3 30. Rb1 Qd5 31. c4 Qd4 32. Qa3+ Kg8 33. Qe7 Rf8 34. c5
Qd5 35. c6 Nxd7 36. cxd7 g6 37. Bh3 Qd3 38. Re1 e4 39. Qxe4 Qd6 40. Qe7 Qd2 41.
Bg4 f5 42. Rd1 fxg4 43. Qxf8+ Kxf8 44. Rxd2 1-0

[Event "Online Olym Top DivA 2020"]
[Site "chess.com INT"]
[Date "2020.08.22"]
[Round "4.2"]
[Board "1"]
[White "Megaranto, Susanto"]
[Black "Anand, Viswanathan"]
[Result "1/2-1/2"]
[WhiteTitle "GM"]
[BlackTitle "GM"]
[WhiteElo "2550"]
[BlackElo "2753"]
[WhiteTeam "Indonesia"]
[BlackTeam "India"]
[WhiteFideId "7101384"]
[BlackFideId "5000017"]
[EventDate "2020.08.21"]
[EventType "team"]

1. d4 Nf6 2. Nf3 d5 3. c4 e6 4. cxd5 exd5 5. Nc3 c6 6. Bg5 Be7 7. e3 Bf5 8. Bxf6
Bxf6 9. Bd3 Bxd3 10. Qxd3 a5 11. O-O O-O 12. Qc2 Nd7 13. a3 Be7 14. Rab1 Re8 15.
Rfc1 Nb6 16. Nd2 a4 17. Re1 Bf8 18. b3 axb3 19. Qxb3 Ra6 20. a4 Re7 21. Qc2 Nc8
22. Nb3 Nd6 23. Nc5 Ra7 24. Nd3 Nc4 25. Rbc1 Re8 26. g3 Ba3 27. Ra1 Bf8 28. Rad1
Nd6 29. Rb1 Nc4 30. Rbd1 Nd6 31. Rb1 Nc4 32. Rbd1 1/2-1/2

[Event "Online Olym Top DivA 2020"]
[Site "chess.com INT"]
[Date "2020.08.22"]
[Round "4.2"]
[Board "2"]
[White "Vidit, Santosh Gujrathi"]
[Black "Firman Syah, Farid"]
[Result "1-0"]
[WhiteTitle "GM"]
[BlackTitle "IM"]
[WhiteElo "2726"]
[BlackElo "2405"]
[WhiteTeam "India"]
[BlackTeam "Indonesia"]
[WhiteFideId "5029465"]
[BlackFideId "7102526"]
[EventDate "2020.08.21"]
[EventType "team"]

1. d4 Nf6 2. c4 e6 3. g3 d5 4. Bg2 c5 5. cxd5 exd5 6. Nf3 Nc6 7. O-O Be7 8. Nc3
O-O 9. dxc5 Bxc5 10. Na4 Be7 11. Be3 Re8 12. Rc1 Bf8 13. a3 Ne4 14. b4 Bg4 15.
Nc5 Bxc5 16. Bxc5 Qd7 17. Qd3 Bxf3 18. exf3 Nxc5 19. Rxc5 Ne7 20. f4 b6 21. Rc2
Rac8 22. Rd2 Red8 23. Rfd1 g6 24. h4 h5 25. Kh2 Qd6 26. Re1 Qf6 27. Re5 Kg7 28.
Rde2 Rc7 29. Bh3 d4 30. b5 Nd5 31. Bg2 Nc3 32. Re1 Rc5 33. Bc6 Rxe5 34. Rxe5 Na4
35. Bd5 Nc5 36. Qd2 d3 37. Ba2 Rd4 38. Qe3 Rd7 39. Bd5 Rd6 40. Kg2 Qd8 41. Bf3
d2 42. Re8 Qf6 43. Bd1 Rd3 44. Qe2 Qd6 45. Re3 Rd4 46. Re7 Ne6 47. Rxa7 Rxf4 48.
Qe3 Qd5+ 49. f3 Rc4 50. Qb3 Qd4 51. Rd7 Qxd7 52. Qxc4 Nc5 53. Kf2 Qd6 54. f4 f5
55. Ke3 Ne4 56. Qd4+ Qxd4+ 57. Kxd4 Nf2 58. Bf3 d1=Q+ 59. Bxd1 Nxd1 60. a4 Kf7
61. a5 bxa5 62. b6 a4 63. b7 a3 64. b8=Q a2 65. Qa7+ 1-0

[Event "Online Olym Top DivA 2020"]
[Site "chess.com INT"]
[Date "2020.08.22"]
[Round "4.2"]
[Board "3"]
[White "Sukandar, Irine Kharisma"]
[Black "Harika, Dronavalli"]
[Result "1/2-1/2"]
[WhiteTitle "IM"]
[BlackTitle "GM"]
[WhiteElo "2413"]
[BlackElo "2515"]
[WhiteTeam "Indonesia"]
[BlackTeam "India"]
[WhiteFideId "7101937"]
[BlackFideId "5015197"]
[EventDate "2020.08.21"]
[EventType "team"]

1. e4 c6 2. d4 d5 3. exd5 cxd5 4. Bd3 Nc6 5. c3 Nf6 6. Bf4 Bg4 7. Qb3 Qd7 8. Nd2
e6 9. Ngf3 Bd6 10. Bxd6 Qxd6 11. O-O O-O 12. Rae1 Ne7 13. Ne5 Bf5 14. Bxf5 Nxf5
15. Qxb7 Rab8 16. Qxa7 Rxb2 17. Nb3 Qe7 18. Qa5 Ne4 19. c4 Qh4 20. Nd3 Rxb3 21.
axb3 Nxd4 22. cxd5 exd5 23. f3 Ng5 24. Qxd5 Nge6 25. Re4 Qf6 26. b4 Rd8 27. Qe5
Qe7 28. Nc5 Nc6 29. Qc3 Qa7 30. Rfe1 h6 31. Kh1 Ncd4 32. Nxe6 Nxe6 33. b5 Qb6
34. Qc6 Qf2 35. Rxe6 fxe6 36. Qxe6+ Kh8 37. b6 Rd2 38. Rg1 Rb2 39. Qc8+ Kh7 40.
b7 Qb6 41. Qf5+ Qg6 42. Qc8 Qb6 43. Qf5+ Qg6 44. Qd5 Qb6 45. Rd1 Qg6 46. f4 Qc2
47. h3 Qg6 48. f5 Qf6 49. Re1 Qc3 50. Re8 Rb1+ 51. Kh2 Qc7+ 52. Qe5 Qxe5+ 53.
Rxe5 Rxb7 54. Re8 Rb3 55. Re7 Kg8 56. h4 Kf8 57. Ra7 Rb5 58. g4 Rb3 59. Kg2 Rc3
60. Rd7 Kg8 61. Rd8+ Kf7 62. Rd7+ Kg8 63. Re7 Rb3 64. Kf2 Kf8 65. Re3 Rb1 66.
Kf3 Kf7 67. Ra3 Rb4 68. Re3 h5 69. Re4 hxg4+ 70. Rxg4 Rb1 71. Rg6 Rf1+ 72. Kg4
Rg1+ 73. Kf4 Rxg6 74. fxg6+ Kxg6 75. Kg4 Kh6 76. h5 g6 77. hxg6 Kxg6 1/2-1/2

[Event "Online Olym Top DivA 2020"]
[Site "chess.com INT"]
[Date "2020.08.22"]
[Round "4.2"]
[Board "4"]
[White "Kulkarni, Bhakti"]
[Black "Aulia, Medina Warda"]
[Result "1-0"]
[WhiteTitle "IM"]
[BlackTitle "IM"]
[WhiteElo "2391"]
[BlackElo "2360"]
[WhiteTeam "India"]
[BlackTeam "Indonesia"]
[WhiteFideId "5019516"]
[BlackFideId "7101570"]
[EventDate "2020.08.21"]
[EventType "team"]

1. d4 e6 2. c4 Nf6 3. Nc3 Bb4 4. e3 b6 5. Bd2 Bb7 6. Nf3 O-O 7. Bd3 d5 8. cxd5
exd5 9. Ne5 Nbd7 10. f4 c5 11. Rc1 Ne4 12. O-O f6 13. Nxe4 fxe5 14. Nd6 Bxd2 15.
Qxd2 exd4 16. Nxb7 Qc7 17. Nxc5 bxc5 18. exd4 Qb6 19. Qc2 c4 20. Bxh7+ Kh8 21.
Rcd1 Rf6 22. Bf5 Nf8 23. Qc3 Re8 24. Qf3 Qxb2 25. Qh5+ Kg8 26. Bh7+ Nxh7 27.
Qxe8+ Nf8 28. Rf2 Qb7 29. f5 c3 30. g4 Rc6 31. Rc1 Rc8 32. Qe3 Qb6 33. Rxc3 Rb8
34. g5 Qb1+ 35. Rc1 Qb5 36. f6 gxf6 37. gxf6 Qd7 38. Rg2+ Kh8 39. Qh6+ 1-0

[Event "Online Olym Top DivA 2020"]
[Site "chess.com INT"]
[Date "2020.08.22"]
[Round "4.2"]
[Board "5"]
[White "Tarigan, Gilbert Elroy"]
[Black "Praggnanandhaa, R"]
[Result "0-1"]
[WhiteTitle "IM"]
[BlackTitle "GM"]
[WhiteElo "2149"]
[BlackElo "2608"]
[WhiteTeam "Indonesia"]
[BlackTeam "India"]
[WhiteFideId "7108133"]
[BlackFideId "25059530"]
[EventDate "2020.08.21"]
[EventType "team"]

1. Nf3 d5 2. d4 Nf6 3. c4 e6 4. g3 Bb4+ 5. Bd2 Bd6 6. Bg2 c6 7. Qc2 O-O 8. O-O
Nbd7 9. Bg5 h6 10. Bxf6 Qxf6 11. Nbd2 dxc4 12. Qxc4 Qe7 13. Qc2 e5 14. Nc4 Bc7
15. Ncxe5 Nxe5 16. Nxe5 Bxe5 17. dxe5 Qxe5 18. Rad1 Be6 19. a3 a5 20. Rd2 a4 21.
Rc1 Bb3 22. Qc3 Qe7 23. e3 Rfd8 24. Bf1 Rxd2 25. Qxd2 Rd8 26. Qc3 Qe4 27. Be2
Rd6 28. f3 Qd5 29. Kf2 Qd2 30. e4 Qxc3 31. bxc3 Rd2 32. Ke3 Ra2 33. Bd1 Rxa3 34.
Bxb3 Rxb3 35. Kd3 Rb2 36. h4 a3 37. h5 b5 38. Kd4 a2 39. Ra1 Rc2 40. Kd3 Rf2 41.
Ke3 Rg2 42. Kd4 Rxg3 43. Rxa2 Rxf3 44. Ra8+ Kh7 45. Rc8 Rh3 46. Rxc6 Rxh5 47.
Rb6 f6 48. Ke3 Rc5 49. Kd4 Re5 50. Ke3 Kg6 51. Kf4 Rc5 52. Rb7 h5 53. Rb8 Rxc3
54. Rxb5 Ra3 55. Rb6 Ra4 56. Rc6 Ra1 57. Kg3 Rg1+ 58. Kf2 Rg5 59. Kf3 h4 60. Rc1
Kh5 61. Rc8 Rg3+ 62. Kf2 Kg4 63. Rc7 g5 64. Rf7 Rf3+ 65. Kg2 h3+ 66. Kh2 Rf2+
67. Kg1 Kg3 0-1

[Event "Online Olym Top DivA 2020"]
[Site "chess.com INT"]
[Date "2020.08.22"]
[Round "4.2"]
[Board "6"]
[White "Vantika, Agrawal"]
[Black "Fisabilillah, Ummi"]
[Result "1/2-1/2"]
[WhiteTitle "WIM"]
[BlackTitle "WIM"]
[WhiteElo "2286"]
[BlackElo "2159"]
[WhiteTeam "India"]
[BlackTeam "Indonesia"]
[WhiteFideId "25050389"]
[BlackFideId "7104804"]
[EventDate "2020.08.21"]
[EventType "team"]

1. d4 e6 2. c4 Nf6 3. g3 d5 4. Bg2 Be7 5. Nf3 dxc4 6. Qa4+ Nbd7 7. Qxc4 a6 8.
Qc2 O-O 9. O-O c5 10. Nc3 Bd6 11. Rd1 Qe7 12. a3 Rb8 13. dxc5 Bxc5 14. b4 Ba7
15. Nd4 Bxd4 16. Rxd4 b5 17. Be3 Bb7 18. Bxb7 Rxb7 19. Rd2 Rc7 20. Qb3 Rfc8 21.
Rc2 h6 22. Rac1 Rc4 23. Nb1 Ne5 24. Nd2 Rxc2 25. Rxc2 Rd8 26. Bc5 Qb7 27. f3
Nfd7 28. Bf2 Nb6 29. Ne4 Nbc4 30. Kg2 Qd5 31. a4 Ng4 32. Rc3 Nxf2 33. Nxf2 Qe5
34. axb5 axb5 35. Rd3 Ra8 36. e4 Qa1 37. Qc2 Ra2 38. Qc3 Qb1 39. Rd8+ Kh7 40. e5
g6 41. Rd7 Kg7 42. Qd4 Qc2 43. h4 Qe2 44. h5 Ne3+ 45. Kh3 Qxf2 46. Rxf7+ Kxf7
47. Qd7+ Kf8 48. Qd8+ Kf7 49. Qd7+ Kf8 50. Qd8+ Kf7 51. Qd7+ 1/2-1/2

[Event "Online Olym Top DivA 2020"]
[Site "chess.com INT"]
[Date "2020.08.22"]
[Round "4.3"]
[Board "1"]
[White "Maghsoodloo, Parham"]
[Black "Mwadzura, Roy"]
[Result "1-0"]
[WhiteTitle "GM"]
[WhiteElo "2676"]
[BlackElo "2029"]
[WhiteTeam "Iran"]
[BlackTeam "Zimbabwe"]
[WhiteFideId "12539929"]
[BlackFideId "11004436"]
[EventDate "2020.08.21"]
[EventType "team"]

1. d4 Nf6 2. c4 e6 3. Nf3 d5 4. Nc3 Be7 5. Bg5 Nbd7 6. Qc2 c6 7. e3 b6 8. cxd5
cxd5 9. Bd3 h6 10. Bh4 Bb7 11. O-O O-O 12. a4 a6 13. Rac1 Rc8 14. Qb1 Re8 15. b4
Bd6 16. Bg3 Qe7 17. Bxd6 Qxd6 18. a5 b5 19. Ne2 Rc4 20. Bxc4 dxc4 21. Nc3 e5 22.
dxe5 Nxe5 23. Nxe5 Qxe5 24. f3 Qe6 25. e4 Nh5 26. Ne2 Qe7 27. Rce1 Rd8 28. Qb2
Rd3 29. Rd1 Re3 30. Ng3 Nxg3 31. hxg3 Rb3 32. Qd4 Rxb4 33. Rf2 Kh7 34. Qd7 Qxd7
35. Rxd7 Bc8 36. Rxf7 Ra4 37. Rc7 Be6 38. f4 Rxa5 39. f5 Bg8 40. f6 Ra1+ 41. Kh2
Re1 42. f7 Bxf7 43. Rfxf7 Kg6 44. Rxg7+ Kf6 45. Rh7 Rxe4 46. Rxh6+ Kg5 47. Rxa6
Re5 48. Rac6 Kg4 49. Rc5 1-0

[Event "Online Olym Top DivA 2020"]
[Site "chess.com INT"]
[Date "2020.08.22"]
[Round "4.3"]
[Board "2"]
[White "Chigodo, Mukai Cyril"]
[Black "Ghaem Maghami, Ehsan"]
[Result "0-1"]
[BlackTitle "GM"]
[WhiteElo "1953"]
[BlackElo "2561"]
[WhiteTeam "Zimbabwe"]
[BlackTeam "Iran"]
[WhiteFideId "11005068"]
[BlackFideId "12500739"]
[EventDate "2020.08.21"]
[EventType "team"]

1. d4 Nf6 2. Nf3 d5 3. Bf4 c5 4. e3 Nc6 5. c3 Qb6 6. Qb3 c4 7. Qc2 Bf5 8. Qc1 e6
9. Nbd2 Be7 10. h3 O-O 11. Nh4 Be4 12. Nhf3 Rac8 13. Be2 Qd8 14. O-O Bg6 15. Ne5
b5 16. Bf3 Nxe5 17. Bxe5 Nd7 18. Bg3 Nb6 19. e4 b4 20. Qd1 Qd7 21. h4 h6 22. Re1
Rfe8 23. Qc1 a5 24. Bd1 Na4 25. Bxa4 Qxa4 26. Qd1 Qxd1 27. Raxd1 a4 28. f3 a3
29. cxb4 axb2 30. a3 c3 31. Nb3 c2 32. Nc5 dxe4 33. fxe4 cxd1=Q 34. Rxd1 Bxe4
35. Nxe4 Rc1 0-1

[Event "Online Olym Top DivA 2020"]
[Site "chess.com INT"]
[Date "2020.08.22"]
[Round "4.3"]
[Board "3"]
[White "Alinasab, Mobina"]
[Black "Charinda, Kudzanayi"]
[Result "1-0"]
[WhiteTitle "WIM"]
[BlackTitle "WCM"]
[WhiteElo "2317"]
[BlackElo "1710"]
[WhiteTeam "Iran"]
[BlackTeam "Zimbabwe"]
[WhiteFideId "12528897"]
[BlackFideId "11000538"]
[EventDate "2020.08.21"]
[EventType "team"]

1. e4 c5 2. Nf3 d6 3. d4 cxd4 4. Nxd4 Nf6 5. Nc3 a6 6. h3 e5 7. Nde2 Be6 8. g4
Nc6 9. Bg2 Be7 10. g5 Nd7 11. h4 Rc8 12. Be3 b5 13. Qd2 Nb6 14. b3 Qc7 15. Nd5
Bxd5 16. exd5 Nb8 17. c3 N8d7 18. Rc1 g6 19. h5 Nc5 20. Ng3 O-O 21. Ne4 Nxe4 22.
Bxe4 Bd8 23. f3 Qe7 24. Qh2 Qd7 25. Kd2 b4 26. c4 a5 27. Ke2 a4 28. Bxb6 Bxb6
29. hxg6 fxg6 30. Bxg6 Rf7 31. Bxf7+ Qxf7 32. g6 1-0

[Event "Online Olym Top DivA 2020"]
[Site "chess.com INT"]
[Date "2020.08.22"]
[Round "4.3"]
[Board "4"]
[White "Makwena, Christine"]
[Black "Mahdian, Anousha"]
[Result "1/2-1/2"]
[BlackTitle "WFM"]
[WhiteElo "1653"]
[BlackElo "2212"]
[WhiteTeam "Zimbabwe"]
[BlackTeam "Iran"]
[WhiteFideId "11003391"]
[BlackFideId "12571490"]
[EventDate "2020.08.21"]
[EventType "team"]

1. d4 d5 2. Bg5 h6 3. Bh4 c5 4. e3 Nc6 5. Bd3 cxd4 6. exd4 Qb6 7. Nf3 Bg4 8.
Nbd2 Nxd4 9. c3 Qe6+ 10. Kf1 Nc6 11. Qb3 Qd7 12. Re1 g5 13. Bg3 Bg7 14. h3 Be6
15. Qc2 Nf6 16. Ne5 Nxe5 17. Bxe5 Nh5 18. Nf3 O-O 19. Nd4 Bf6 20. Qd1 Ng7 21.
Bxf6 exf6 22. Qf3 f5 23. Re5 Rae8 24. Nxf5 Bxf5 25. Bxf5 Qb5+ 26. Bd3 Qxb2 27.
Rxe8 Rxe8 28. g3 Qxa2 29. Kg2 Qa5 30. Rb1 Re7 31. Rb5 Qc7 32. Rxd5 a6 33. Bf1 b5
34. Qd3 Ne6 35. Kh2 Kg7 36. Bg2 f6 37. Qd1 Nf8 38. Qd3 Rd7 39. Rxd7+ Qxd7 40.
Qe3 a5 41. Qb6 a4 42. Bc6 Qd2 43. Bxb5 Qxc3 44. Bxa4 Qc4 45. Qb5 Qxb5 46. Bxb5
f5 47. Kg2 Kf6 48. Bc4 Ke5 49. Kf3 Nd7 50. Ke3 Nb6 51. Be2 Nd5+ 52. Kd2 f4 53.
Bf3 Nf6 54. Ke2 Kf5 55. Kd3 Ke5 56. Ke2 Ne4 57. Bxe4 Kxe4 58. f3+ Kd4 59. gxf4
gxf4 60. Kd2 h5 61. h4 Kc4 62. Kc2 Kd4 63. Kd2 Kc4 64. Kc2 Kd4 65. Kd2 1/2-1/2

[Event "Online Olym Top DivA 2020"]
[Site "chess.com INT"]
[Date "2020.08.22"]
[Round "4.3"]
[Board "5"]
[White "Gholami, Aryan"]
[Black "Mpala, Leeroy"]
[Result "1-0"]
[WhiteTitle "GM"]
[WhiteElo "2507"]
[BlackElo "1803"]
[WhiteTeam "Iran"]
[BlackTeam "Zimbabwe"]
[WhiteFideId "12513342"]
[BlackFideId "11003367"]
[EventDate "2020.08.21"]
[EventType "team"]

1. Nf3 Nf6 2. d4 g6 3. Bg5 Bg7 4. Nbd2 d6 5. e4 Bg4 6. h3 Bxf3 7. Qxf3 Nbd7 8.
Bc4 O-O 9. c3 c5 10. O-O cxd4 11. cxd4 Rc8 12. Bb3 Qa5 13. Be3 b5 14. Rac1 a6
15. g4 h6 16. Rfd1 Rxc1 17. Rxc1 e5 18. Nf1 exd4 19. Bxd4 Ne5 20. Bxe5 dxe5 21.
h4 h5 22. g5 Ng4 23. Rc6 Kh7 24. Ne3 Qe1+ 25. Kg2 Nxe3+ 26. Qxe3 Qxe3 27. fxe3
f6 28. Rxa6 fxg5 29. hxg5 Rd8 30. Bf7 Rd2+ 31. Kf3 Rxb2 32. Bxg6+ Kg8 33. Bxh5
b4 34. Ra7 Bf8 35. Bf7+ Kh8 36. Bd5 Rb1 37. Kg4 Rf1 38. Kh5 1-0

[Event "Online Olym Top DivA 2020"]
[Site "chess.com INT"]
[Date "2020.08.22"]
[Round "4.3"]
[Board "6"]
[White "Mawire, Rumbidzai"]
[Black "Asadi, Motahare"]
[Result "0-1"]
[WhiteTitle "WCM"]
[BlackTitle "WFM"]
[WhiteElo "1388"]
[BlackElo "2093"]
[WhiteTeam "Zimbabwe"]
[BlackTeam "Iran"]
[WhiteFideId "14317940"]
[BlackFideId "12561932"]
[EventDate "2020.08.21"]
[EventType "team"]

1. e4 e5 2. Nf3 Nf6 3. Nxe5 d6 4. Nf3 Nxe4 5. Nc3 Nxc3 6. dxc3 Be7 7. Bd3 O-O 8.
O-O Bg4 9. h3 Bh5 10. Re1 Nd7 11. Bf4 Bf6 12. Be2 Re8 13. Qd2 Nc5 14. Rad1 Ne4
15. Qd5 Bg6 16. Bd3 c6 17. Qb3 Nc5 18. Qc4 Rxe1+ 19. Rxe1 Bxd3 20. cxd3 b5 21.
Qb4 Nxd3 22. Qxd6 Nxe1 23. Nxe1 Qxd6 24. Bxd6 Rd8 25. Bf4 Rd1 26. Kf1 Rb1 27.
Ke2 Rxb2+ 28. Kf3 Bxc3 29. Nd3 Rxa2 30. Nc5 a5 31. Bc1 a4 32. Nd3 b4 33. Ke3 b3 0-1

[Event "Online Olym Top DivA 2020"]
[Site "chess.com INT"]
[Date "2020.08.22"]
[Round "4.4"]
[Board "1"]
[White "Bilguun, Sumiya"]
[Black "Yu, Yangyi"]
[Result "1/2-1/2"]
[WhiteTitle "GM"]
[BlackTitle "GM"]
[WhiteElo "2454"]
[BlackElo "2709"]
[WhiteTeam "Mongolia"]
[BlackTeam "China"]
[WhiteFideId "4901541"]
[BlackFideId "8603820"]
[EventDate "2020.08.21"]
[EventType "team"]

1. e4 e5 2. Nf3 Nf6 3. Nxe5 d6 4. Nf3 Nxe4 5. Nc3 Nxc3 6. dxc3 Be7 7. Be3 O-O 8.
Qd2 Nd7 9. O-O-O Nf6 10. Bd3 Re8 11. Kb1 d5 12. c4 dxc4 13. Bxc4 Qxd2 14. Rxd2
Ne4 15. Rdd1 Bf6 16. Bd3 Bf5 17. Nd2 Nd6 18. Nc4 Nxc4 19. Bxc4 h5 20. Bd5 c6 21.
Bf3 g6 22. Rhe1 a6 23. Kc1 Re6 24. h3 Rae8 25. g4 hxg4 26. hxg4 Be4 27. Bxe4
Rxe4 28. Rg1 Be5 29. Rd7 b5 30. Ra7 Ra4 31. Kb1 Bf4 32. b3 Bxe3 33. fxe3 Rae4
34. Rxa6 R8e6 35. a4 bxa4 36. Rxa4 Rxa4 37. bxa4 Re4 38. Kb2 Rxa4 39. Kc3 g5 40.
Kd3 Kg7 41. c4 Kf6 42. Rf1+ Ke6 43. Rf5 f6 44. Rc5 Kd6 45. Rf5 Ke6 46. Rc5 Kd6
47. Rf5 Ke6 1/2-1/2

[Event "Online Olym Top DivA 2020"]
[Site "chess.com INT"]
[Date "2020.08.22"]
[Round "4.4"]
[Board "2"]
[White "Bu, Xiangzhi"]
[Black "Agibileg, Uurtsaikh"]
[Result "1-0"]
[WhiteTitle "GM"]
[BlackTitle "IM"]
[WhiteElo "2705"]
[BlackElo "2413"]
[WhiteTeam "China"]
[BlackTeam "Mongolia"]
[WhiteFideId "8601445"]
[BlackFideId "4901606"]
[EventDate "2020.08.21"]
[EventType "team"]

1. Nf3 Nf6 2. c4 g6 3. Nc3 Bg7 4. g3 O-O 5. Bg2 d6 6. d4 Nbd7 7. O-O e5 8. e4 c6
9. h3 Qa5 10. Be3 exd4 11. Nxd4 Nb6 12. Qd3 Nfd7 13. b3 Re8 14. Rfd1 Nc5 15. Qd2
Nbd7 16. Rab1 Qc7 17. b4 Ne6 18. Nxe6 Rxe6 19. Rbc1 Ne5 20. Nd5 Qd8 21. Nf4 Re7
22. c5 Bxh3 23. Nxh3 d5 24. exd5 cxd5 25. Bg5 f6 26. Qxd5+ Qxd5 27. Bxd5+ Kh8
28. Bf4 1-0